Relaxin And Related Peptides: Fourth International Conference (Record no. 577360)

MARC details
000 -LEADER
fixed length control field 00406nam a22001457a 4500
008 - FIXED-LENGTH DATA ELEMENTS--GENERAL INFORMATION
fixed length control field 250725b |||||||| |||| 00| 0 eng d
020 ## - INTERNATIONAL STANDARD BOOK NUMBER
ISBN 9781573314855
Paper back/Hardbound pbk
041 ## - LANGUAGE CODE
Language code of text/sound track or separate title eng
082 ## - DEWEY DECIMAL CLASSIFICATION NUMBER
Classification number 500
Item number DAV
245 ## - TITLE STATEMENT
Title Relaxin And Related Peptides: Fourth International Conference
Statement of responsibility, etc O. David Sherwood
260 ## - PUBLICATION, DISTRIBUTION, ETC. (IMPRINT)
Place of publication Usa
Name of publisher Wiley-blackwell
Year of publication 2006
300 ## - PHYSICAL DESCRIPTION
Number of Pages 544p.
942 ## - ADDED ENTRY ELEMENTS (KOHA)
Koha item type English Books
Holdings
Withdrawn status Lost status Damaged status Not for loan Home library Current library Shelving location Date acquired Full call number Accession Number Price effective from Koha item type
        Anna Centenary Library Anna Centenary Library 5TH FLOOR, A WING 20.08.2010 500 DAV 134301 25.07.2025 English Books

Find us on the map